000 00216 a2200097 4500
001 13436
100 _aFaragi, Z.H
245 _athe deoband school
260 _aIndia
_bAsia publishing house
_c
090 _c10449
_d10449
942 _aNUST-CAE
_cM
_c502
999 _c248509
_d248509